| 000 | 01234nam a2200325 i 4500 | ||
|---|---|---|---|
| 003 | DO-SdBNP | ||
| 005 | 20240705094858.0 | ||
| 006 | a||||gr|||| 00| 0 | ||
| 007 | ta | ||
| 008 | 240527e2023 dr ahoc| |||| 00| e sap d | ||
| 020 | _a9789945250732 | ||
| 040 |
_aDO-SdBNP _bspa _cBNPHU _erda |
||
| 082 | 4 |
_222 _bV161d |
|
| 100 | 1 |
_aValenzuela, Edgar _96575 _eautor |
|
| 245 | 1 | 0 |
_aDisputas de Trujillo con la iglesia católica / _cEdgar Valenzuela; Cuidado de la edición, Kary Alba Rocha Arias; |
| 264 | 1 |
_aSanto Domingo : _bCorripio, _c2023 |
|
| 300 |
_a444 páginas : _bilustraciones, facsímil, fotografías, retratos ; _c23 cm. |
||
| 336 |
_2rdacontent _atexto _btxt |
||
| 337 |
_2rdamedia _asin mediación _bn |
||
| 338 |
_2rdacarrier _avolumen _bnc |
||
| 490 |
_aArchivo General de la Nación ; _v490 |
||
| 500 | _aIncluye bibliografía y notas al pie de páginas. | ||
| 504 | _aBibliografía: páginas 437-440. | ||
| 590 | _aInventariado 2024 / MF | ||
| 600 | 1 | 4 |
_aTrujillo Molina, Rafael Leónidas, _d 1891-1961 _976764 _xIglesia y Estado |
| 650 | 4 |
_aIglesia Católica _xHistoria _948832 _zRepública Dominicana |
|
| 650 | 4 |
_aIglesia y estado _934069 |
|
| 700 | 1 |
_aRocha Arias, Kary Alba, _981514 _eeditor |
|
| 942 |
_2ddc _cLBS1 |
||
| 999 |
_c56753 _d56753 |
||